<?xml version="1.0" encoding="UTF-8"?>
<record
    xmlns:xsi="http://www.w3.org/2001/XMLSchema-instance"
    xsi:schemaLocation="http://www.loc.gov/MARC21/slim http://www.loc.gov/standards/marcxml/schema/MARC21slim.xsd"
    xmlns="http://www.loc.gov/MARC21/slim">

  <leader>05329nam a2200457Ia 4500</leader>
  <controlfield tag="001">dia_6379</controlfield>
  <controlfield tag="003">CHAP</controlfield>
  <controlfield tag="005">20240805135445.0</controlfield>
  <controlfield tag="007">ta</controlfield>
  <controlfield tag="008">220117s2016    mx ado frm    001 0 spa d</controlfield>
  <datafield tag="010" ind1=" " ind2=" ">
    <subfield code="a">177767</subfield>
  </datafield>
  <datafield tag="040" ind1=" " ind2=" ">
    <subfield code="c">CHAP</subfield>
    <subfield code="a">mxchpua</subfield>
  </datafield>
  <datafield tag="041" ind1="0" ind2=" ">
    <subfield code="a">spa</subfield>
    <subfield code="b">eng</subfield>
  </datafield>
  <datafield tag="090" ind1=" " ind2=" ">
    <subfield code="a">Tesis </subfield>
    <subfield code="b">A63 </subfield>
    <subfield code="c">2016</subfield>
  </datafield>
  <datafield tag="100" ind1="1" ind2=" ">
    <subfield code="a">Aparicio Eusebio, Luis Alfredo</subfield>
  </datafield>
  <datafield tag="240" ind1="1" ind2="0">
    <subfield code="a">Value nutraceutical polvorones blue corn (Zea mays L.).</subfield>
    <subfield code="l">Espa&#xF1;ol</subfield>
  </datafield>
  <datafield tag="245" ind1="1" ind2="0">
    <subfield code="a">Valor nutrac&#xE9;utico de polvorones de ma&#xED;z azul (Zea mays L.) /</subfield>
    <subfield code="c">Luis Alfredo Aparicio Eusebio</subfield>
  </datafield>
  <datafield tag="264" ind1=" " ind2=" ">
    <subfield code="a">Chapingo, M&#xE9;xico :</subfield>
    <subfield code="b">El autor,</subfield>
    <subfield code="c">2016</subfield>
  </datafield>
  <datafield tag="300" ind1=" " ind2=" ">
    <subfield code="a">ix, 93. hojas :</subfield>
    <subfield code="b">ilustraciones, gr&#xE1;ficas, diagramas, tablas, fotos +</subfield>
    <subfield code="e">1 CD-ROM</subfield>
  </datafield>
  <datafield tag="336" ind1=" " ind2=" ">
    <subfield code="2">rdacontent</subfield>
    <subfield code="a">texto</subfield>
    <subfield code="b">txt</subfield>
  </datafield>
  <datafield tag="337" ind1=" " ind2=" ">
    <subfield code="2">rdamedia</subfield>
    <subfield code="a">no mediado</subfield>
    <subfield code="b">n</subfield>
  </datafield>
  <datafield tag="338" ind1=" " ind2=" ">
    <subfield code="2">rdacarrier</subfield>
    <subfield code="a">volumen</subfield>
    <subfield code="b">nc</subfield>
  </datafield>
  <datafield tag="500" ind1=" " ind2=" ">
    <subfield code="a">El CD contiene reporte, an&#xE1;lisis y presentaci&#xF3;n</subfield>
  </datafield>
  <datafield tag="502" ind1=" " ind2=" ">
    <subfield code="a">Tesis </subfield>
    <subfield code="b">(Ingeniero Agroindustrial) -- </subfield>
    <subfield code="c">UACh. Departamento de Ingenier&#xED;a Agroindustrial, </subfield>
    <subfield code="d">2016</subfield>
  </datafield>
  <datafield tag="504" ind1=" " ind2=" ">
    <subfield code="a">Bibliograf&#xED;a: hojas 73-84</subfield>
  </datafield>
  <datafield tag="520" ind1="3" ind2=" ">
    <subfield code="a">M&#xE9;xico, es un pa&#xED;s rico en diversidad de ma&#xED;ces nativos, diversidad que hoy en d&#xED;a se est&#xE1; perdiendo por el uso de variedades mejoradas con mayores rendimientos, sin considerar que cada raza est&#xE1; especializada para elaborar ciertos productos. Tal es el caso del ma&#xED;z azul que posee propiedades nutrac&#xE9;uticas que pueden contribuir en una alimentaci&#xF3;n m&#xE1;s saludable de los mexicanos. Raz&#xF3;n por la cual, hoy en d&#xED;a representa una l&#xED;nea de investigaci&#xF3;n de gran inter&#xE9;s cient&#xED;fico. El objetivo fue la caracterizaci&#xF3;n fisicoqu&#xED;mica y tecnol&#xF3;gica de la harina y polvorones del h&#xED;brido de ma&#xED;z azul &#x2018;HA-13&#x2019;, la cuantificaci&#xF3;n de fenoles, antocianinas, actividad antioxidante, almid&#xF3;n resistente, fibra total &#xED;ndice cal&#xF3;rico y gluc&#xE9;mico en harinas y polvorones de ma&#xED;z azul, trigo y comercial; adem&#xE1;s, de evaluar sensorialmente la aceptabilidad de polvorones de ma&#xED;z azul respecto a los de trigo con consumidores en general. El dise&#xF1;o experimental se condujo como un dise&#xF1;o completamente al azar y adicional se hizo un an&#xE1;lisis de correlaci&#xF3;n simple de Pearson. Los resultados mostraron para granos de ma&#xED;z HA-13 un peso de cien granos de 36 g, peso hectol&#xED;trico de 67.5 kg*HL1 y un &#xED;ndice de flotaci&#xF3;n de 47% que corresponden a la clasificaci&#xF3;n de dureza intermedia. Con una luminosidad de 21.35, Hue= 237.36&#xB0; y croma de 0.28 corresponde a un hibrido azul/morado oscuro y poco brillante. El costo de un kg de polvorones de ma&#xED;z azul fue de $ 27.32 y los de trigo de $ 32.77. Por su contenido de fenoles (837.07 mg/kg), antocianinas (373.43 mg/kg) y actividad antioxidante (19.58%), los polvorones de harina de ma&#xED;z azul 100%, son un producto con alto valor nutrac&#xE9;utico; con excelentes caracter&#xED;sticas comerciales. La evaluaci&#xF3;n sensorial con j&#xF3;venes entre 18 y 25 a&#xF1;os, mostro que el color azul de los polvorones limit&#xF3; su aceptaci&#xF3;n global. </subfield>
  </datafield>
  <datafield tag="520" ind1="3" ind2=" ">
    <subfield code="a">M&#xE9;xico is a country rich in diversity of native maize, diversity that today is being lost by the use of improved varieties with higher yields, without considering that each race is specialized to produce certain products. Such is the case of blue corn that has nutraceutical properties that can contribute to a healthier diet of Mexicans. Which is why, today maize represents a research of great scientific interest. The goal of this paper was the physical, chemical and technological characterization of the flour and polvorones made from hybrid blue corn 'HA-13', the quantification of phenols, anthocyanins, antioxidant activity, resistant starch, total fiber, caloric and glycemic index in flour and blue corn, wheat and commercial polvorones; also assess the sensorial acceptability of blue corn polvorones compared to wheat polvorones by general consumers. The experimental design was conducted as a completely randomized design and additional simple correlation analysis Pearson was done. The results showed for corn kernels HA-13 an average weight of one hundred grains to be 36 g, 67.5 kg* HL-1 test weight  and a flotation index of 47% corresponding to the classification of intermediate hardness. With a brightness of 2135, Hue = 237.36 &#xB0; and chroma of 0.28 corresponds to a dark and little bright blue / purple hybrid. The cost of a kg of blue corn polvorones was $ 27.32 and $ 32.77 for wheat polvorones. By its content of phenols (837.07 mg / kg), anthocyanins (373.43 mg / kg) and antioxidant activity (19.58%), 100% blue corn flour polvorones, is a product with high nutraceutical value; with excellent commercial potential. Sensory evaluation with 18- to 25 years showed that the blue color of shortbread limited its global acceptance. </subfield>
  </datafield>
  <datafield tag="650" ind1="1" ind2="3">
    <subfield code="a">Ma&#xED;z  </subfield>
    <subfield code="2">atg</subfield>
  </datafield>
  <datafield tag="650" ind1="1" ind2="3">
    <subfield code="a">Productos horneados</subfield>
    <subfield code="x">Valor nutritivo  </subfield>
    <subfield code="2">atg</subfield>
  </datafield>
  <datafield tag="650" ind1="1" ind2="3">
    <subfield code="a">Baked goods</subfield>
    <subfield code="x">Nutritive value  </subfield>
    <subfield code="2">atg</subfield>
  </datafield>
  <datafield tag="650" ind1="1" ind2="3">
    <subfield code="a">Corn</subfield>
    <subfield code="2">atg</subfield>
  </datafield>
  <datafield tag="700" ind1="1" ind2=" ">
    <subfield code="a">V&#xE1;zquez Carrillo, Ma. Gricelda</subfield>
    <subfield code="e">directora</subfield>
  </datafield>
  <datafield tag="700" ind1="1" ind2=" ">
    <subfield code="a">Buend&#xED;a Gonz&#xE1;lez, Mar&#xED;a Ofelia</subfield>
    <subfield code="e">asesora</subfield>
  </datafield>
  <datafield tag="700" ind1="1" ind2=" ">
    <subfield code="a">Salinas Moreno, Yolanda</subfield>
    <subfield code="e">asesora</subfield>
  </datafield>
  <datafield tag="856" ind1="4" ind2="1">
    <subfield code="u">http://10.13.5.2/tesis/sist113436.pdf</subfield>
    <subfield code="y">DESCARGAR PDF</subfield>
  </datafield>
  <datafield tag="901" ind1=" " ind2=" ">
    <subfield code="a">TESIS A63 2016</subfield>
  </datafield>
  <datafield tag="902" ind1=" " ind2=" ">
    <subfield code="a">M</subfield>
  </datafield>
  <datafield tag="905" ind1=" " ind2=" ">
    <subfield code="a">5232272016                          mx nmdl8223123322spa16</subfield>
  </datafield>
  <datafield tag="942" ind1=" " ind2=" ">
    <subfield code="c">TESIS</subfield>
    <subfield code="2">Clasificaci&#xF3;n Universidad Aut&#xF3;noma Chapingo</subfield>
  </datafield>
  <datafield tag="999" ind1=" " ind2=" ">
    <subfield code="c">177767</subfield>
    <subfield code="d">177767</subfield>
  </datafield>
  <datafield tag="952" ind1=" " ind2=" ">
    <subfield code="0">0</subfield>
    <subfield code="1">0</subfield>
    <subfield code="2">local</subfield>
    <subfield code="4">0</subfield>
    <subfield code="5">1</subfield>
    <subfield code="7">0</subfield>
    <subfield code="8">TESIS</subfield>
    <subfield code="a">IA_</subfield>
    <subfield code="b">IA_</subfield>
    <subfield code="d">2022-01-18</subfield>
    <subfield code="e">El autor</subfield>
    <subfield code="l">0</subfield>
    <subfield code="o">Tesis A63 2016</subfield>
    <subfield code="p">1101005724</subfield>
    <subfield code="r">2022-01-18 00:00:00</subfield>
    <subfield code="t">Ej. </subfield>
    <subfield code="w">2022-01-18</subfield>
    <subfield code="y">CD</subfield>
  </datafield>
  <datafield tag="952" ind1=" " ind2=" ">
    <subfield code="0">0</subfield>
    <subfield code="1">0</subfield>
    <subfield code="2">local</subfield>
    <subfield code="4">0</subfield>
    <subfield code="5">1</subfield>
    <subfield code="7">0</subfield>
    <subfield code="8">TESIS</subfield>
    <subfield code="a">IA_</subfield>
    <subfield code="b">IA_</subfield>
    <subfield code="d">2022-01-18</subfield>
    <subfield code="e">El autor</subfield>
    <subfield code="l">0</subfield>
    <subfield code="o">Tesis A63 2016</subfield>
    <subfield code="p">1101005723</subfield>
    <subfield code="r">2026-02-02 00:00:00</subfield>
    <subfield code="t">Ej. 1</subfield>
    <subfield code="w">2022-01-18</subfield>
    <subfield code="y">TESIS</subfield>
  </datafield>
  <datafield tag="952" ind1=" " ind2=" ">
    <subfield code="0">0</subfield>
    <subfield code="1">0</subfield>
    <subfield code="2">local</subfield>
    <subfield code="4">0</subfield>
    <subfield code="7">0</subfield>
    <subfield code="8">TesDigL</subfield>
    <subfield code="a">IA_</subfield>
    <subfield code="b">IA_</subfield>
    <subfield code="c">E_L</subfield>
    <subfield code="d">2024-08-05</subfield>
    <subfield code="e">El autor</subfield>
    <subfield code="l">0</subfield>
    <subfield code="p">1201005723</subfield>
    <subfield code="r">2024-08-05 14:56:29</subfield>
    <subfield code="w">2024-08-05</subfield>
    <subfield code="y">TD</subfield>
  </datafield>
  <datafield tag="952" ind1=" " ind2=" ">
    <subfield code="0">0</subfield>
    <subfield code="1">0</subfield>
    <subfield code="2">local</subfield>
    <subfield code="4">0</subfield>
    <subfield code="5">5</subfield>
    <subfield code="7">0</subfield>
    <subfield code="8">TESIS</subfield>
    <subfield code="a">IA_</subfield>
    <subfield code="b">IA_</subfield>
    <subfield code="d">2022-01-18</subfield>
    <subfield code="e">El autor</subfield>
    <subfield code="l">0</subfield>
    <subfield code="o">Tesis A63 2016</subfield>
    <subfield code="p">1101016371</subfield>
    <subfield code="r">2026-02-12 11:55:05</subfield>
    <subfield code="t">Ej. 2</subfield>
    <subfield code="w">2022-01-18</subfield>
    <subfield code="y">TESIS</subfield>
  </datafield>
</record>
